Vplyv pandémie ochorenia COVID-19 na podniky poskytujúce ubytovacie služby v Slovenskej republike
Ubytovanie je neoddeliteľnou súčasťou odvetvia cestovného ruchu. Začiatok pandémie COVID-19 mal priamy dopad na sektor cestovného ruchu a tiež na tieto podniky. Účelom príspevku je na základe spracovaných sekundárnych údajov identifikovať vplyv pandémie COVID-19 na podniky poskytujúce ubytovacie slu...
Gespeichert in:
| 1. Verfasser: | |
|---|---|
| Weitere Verfasser: | |
| Format: | Buchkapitel |
| Sprache: | Slowakisch |
| Schlagworte: | |
| Tags: |
Keine Tags, Fügen Sie das erste Tag hinzu!
|
MARC
| LEADER | 00000naa a2200000 4500 | ||
|---|---|---|---|
| 001 | 0295333 | ||
| 005 | 20240502074505.2 | ||
| 041 | 0 | |a slo | |
| 044 | |a SK | ||
| 245 | 1 | 0 | |a Vplyv pandémie ochorenia COVID-19 na podniky poskytujúce ubytovacie služby v Slovenskej republike |c Adrián Čakanišin, Jaroslav Timko |
| 520 | |a Ubytovanie je neoddeliteľnou súčasťou odvetvia cestovného ruchu. Začiatok pandémie COVID-19 mal priamy dopad na sektor cestovného ruchu a tiež na tieto podniky. Účelom príspevku je na základe spracovaných sekundárnych údajov identifikovať vplyv pandémie COVID-19 na podniky poskytujúce ubytovacie služby na Slovensku a ich výkonnosť. Vo všetkých sledovaných ukazovateľoch došlo k poklesu počtu ubytovacích podnikov, avšak v prípade počtu ubytovacích podnikov na Slovensku sa v nasledujúcom období počet podnikov zvýšil, čo v konečnom dôsledku prispelo k ich nárastu na rekordnú úroveň v r. nasledujúce obdobie. Prezentované výsledky ilustrujú výkonnosť ubytovacích zariadení počas obdobia pandémie a poskytujú priestor na ďalšie skúmanie. | ||
| 610 | 2 | 0 | |a služby |
| 610 | 2 | 0 | |a podnikanie |
| 610 | 2 | 0 | |a zamestnanosť |
| 610 | 2 | 0 | |a ruch cestovný |
| 610 | 2 | 0 | |a ubytovanie |
| 610 | 2 | 0 | |a zariadenia ubytovacie |
| 610 | 2 | 0 | |a koronavírus |
| 610 | 2 | 0 | |a Slovensko |
| 100 | 1 | |a Čakanišin, Adrián, 1997- | |
| 700 | 1 | |a Timko, Jaroslav | |